000
00289nam a22001337a 4500
020
_a
978-0470218181
041
_a
ENG
100
_a
Matthews .G.A
245
_a
Pesticide Application Methods
260
_a
London .
_b
Longman
_c
1997
300
_a
335
650
_a
FMP
856
_u
FMP (23 )
999
_c
1370
_d
1370